cut my hair - Tate McRae - Statistics

General Stats
  • This quiz has been taken 89 times
  • The average score is 237 of 297
Answer Stats
% Correct
cut
100%
(cut)
100%
hair
100%
hair)
100%
my
100%
(my
100%
you
100%
a
98%
I
98%
Just
98%
just
98%
wanna
98%
your
96%
and
94%
do
94%
it
94%
Make
94%
myself
94%
in
93%
(in
93%
Lose
93%
bed
91%
bed)
91%
better
91%
black
91%
can
91%
dress
91%
Go
91%
Little
89%
little
89%
up
87%
Can't
85%
can't
85%
get
85%
messed
85%
out
85%
sweat
85%
Whatever
85%
forget
83%
she
81%
Find
80%
show
80%
Show
80%
yeah
80%
girl
78%
so
78%
So
78%
Want
78%
bad,
76%
Good
74%
hate
74%
to
74%
overrated
72%
girls,
70%
no
70%
No
70%
(no,
70%
no,
70%
no)
70%
the
70%
got
69%
say
69%
that
65%
That
65%
way
65%
boring
63%
Sad
63%
been
61%
bit
61%
I've
61%
like
61%
right
61%
sensitive,
61%
don't
59%
selfish
57%
There's
57%
thoughts
57%
having
56%
back
54%
old
54%
stupid
54%
repetitive,
52%
same
52%
things
52%
we
52%
years
52%
Couple
50%
gets
50%
Moving
50%
much
50%
(oh)
50%
on
50%
talk
50%
end
48%
too
48%
you're
48%
about
46%
but
46%
care
46%
dead
46%
have
46%
hit
46%
how
46%
long,
46%
ain't
44%
nice,
44%
six
44%
new
43%
skin
43%
fair
41%
road
41%
stop
41%
playing
39%
Tell
39%
drinks
37%
Driving
37%
high
37%
under
37%
hard
35%
Singing
35%
dark,
33%
Heard
33%
Tossing
33%
while
33%
feel
31%
start
30%
working
30%
Once
26%
No matching quizzes found
Score Distribution
Percent of People with Each Score
Percentile by Number Answered
Your Score History
You have not taken this quiz